Richard III : complete and unabridged /

Bibliographic Details
Main Author: Shakespeare, William, 1564-1616
Other Authors: Wilson, Roderick
Format: Book
Language:English
Published: London : Macmillan, 1988.
Series:Macmillan modern Shakespeare.
Subjects:

MARC

Tag First Indicator Second Indicator Subfields
LEADER 00000cam a2200000 a 4500
001 in00001341979
005 20151005095453.0
008 930506s1988 enkac 000 0 eng d
010 |a gb 93025811  
015 |a GB93-25811 
020 |a 0333470699 (pbk) 
035 |a (OCoLC)28708926 
035 |9 AHE8636AM 
040 |a UKM  |c UKM  |d UtOrBLW 
049 |a TXAM 
082 0 4 |a 822.33  |2 20 
090 |a PR2821.A2  |b A3 1988 
100 1 |a Shakespeare, William,  |d 1564-1616. 
240 1 0 |a King Richard III 
245 1 0 |a Richard III :  |b complete and unabridged /  |c William Shakespeare ; edited by Roderick Wilson. 
264 1 |a London :  |b Macmillan,  |c 1988. 
300 |a 139 pages :  |b illustrations (some color), portraits ;  |c 28 cm. 
336 |a text  |b txt  |2 rdacontent 
337 |a unmediated  |b n  |2 rdamedia 
338 |a volume  |b nc  |2 rdacarrier 
490 1 |a Macmillan modern Shakespeare 
600 0 0 |a Richard  |b III,  |c King of England,  |d 1452-1485  |x Drama. 
653 0 |a English drama 
700 1 |a Wilson, Roderick. 
830 0 |a Macmillan modern Shakespeare. 
999 |a MARS 
999 f f |s 459df164-80e5-3c22-a504-5929f9400632  |i b9d3dd45-4ae6-3339-be20-a2771f41d435  |t 0 
952 f f |p normal  |a Texas A&M University  |b College Station  |c Sterling C. Evans Library  |d Evans: Library Stacks  |t 0  |e PR2821.A2 A3 1988  |h Library of Congress classification  |i unmediated -- volume  |m A14820953767 
998 f f |a PR2821.A2 A3 1988  |t 0  |l Evans: Library Stacks